| 000 | 00487nam a2200193Ia 4500 | ||
|---|---|---|---|
| 008 | 210417s9999 xx 000 0 und d | ||
| 020 | _a9781138017634 | ||
| 020 | _b1138017639 | ||
| 082 | _a361.3 HUG | ||
| 082 | _b22.361.3 HUG | ||
| 245 | 0 | _aSocial Development in Social work | |
| 245 | 0 | _cSocial Development in Social work | |
| 250 | _b181 p. Hbk. | ||
| 260 | _aNew York | ||
| 260 | _bRoutledge | ||
| 260 | _c2016 | ||
| 700 | _a"Hugman, Richard" | ||
| 700 | _bRichard Hugman | ||
| 999 |
_c468041 _d468041 |
||